• 首页
  • 本馆介绍
  • 公告通知
  • 最新文献
  • 馆藏检索
  • 电子资源
  • 读者导购
  • 参考咨询
  • 我的图书馆
  • 登录
  • 详细信息显示
  • 放入我的书架
  • 预约/预借图书
  • 作者相关作品
  • 分类相关作品
  • 丛书相关作品
  • 出版社相关作品

书目信息

  • 表格格式
  • 工作单格式
  • 卡片格式
题名:
婚姻家庭法速查速用大全集
    
 
作者: ;法宝网 主编
分册:  
出版信息: 北京   中国法制出版社  2014
页数: 213页
开本: 24cm
丛书名:
单 册:
中图分类: D923.904
科图分类:
主题词: 婚姻法--基本知识--中国 , 婚姻法
电子资源:
ISBN: 978-7-5093-5143-7
000 00886nam0 2200253 450
001 340262
005 20150625104445.51
010    @a978-7-5093-5143-7@dCNY36.00
100    @a20140429d2014 em y0chiy50 ea
101 0  @achi
102    @aCN@b110000
105    @ay z 000yy
106    @ar
200 1  @a婚姻家庭法速查速用大全集@Ahun yin jia ting fa su cha su yong da quan ji@e案例应用版@f法宝网主编
210    @a北京@c中国法制出版社@d2014
215    @a213页@d24cm
300    @a实用百科速查速用 全国普法宣传教育活动推荐用书 实用珍藏版
330    @a本书从普通百姓日常生活中最常见的婚姻家庭纠纷入手, 以典型案例引出现实困惑, 再有权威专业律师进行答疑解难, 并随附相关法律条文、荟萃经典法律。
606 0  @a婚姻法@x基本知识@y中国
606 0  @a婚姻法
690    @aD923.904@v5
711 02 @a法宝网@Afa bao wang@4主编
801  0 @aCN@b卓展宏图@c20150525
905    @dD923.904@e1265@f4
    
    婚姻家庭法速查速用大全集:案例应用版/法宝网主编.-北京:中国法制出版社,2014
    213页;24cm
    实用百科速查速用 全国普法宣传教育活动推荐用书 实用珍藏版
    
    ISBN 978-7-5093-5143-7:CNY36.00
    本书从普通百姓日常生活中最常见的婚姻家庭纠纷入手, 以典型案例引出现实困惑, 再有权威专业律师进行答疑解难, 并随附相关法律条文、荟萃经典法律。
●
相关链接 在E读中查询图书 在五车中查询图书 在当当中查询图书 在豆瓣中查询图书


正题名:婚姻家庭法速查速用大全集     索取号:D923.904/1265         预约/预借

序号 登录号 条形码 馆藏地/架位号 状态 备注
1 864970   208649701   第一样本阅览室/ [索取号:D923.904/1265] 在馆    
2 864971   208649710   第一借阅区/ [索取号:D923.904/1265] 在馆    
3 864972   208649729   第一借阅区/ [索取号:D923.904/1265] 在馆    
4 864973   208649738   密集书库-史法系/ [索取号:D923.904/1265] 在馆    
欢迎您!
大连网信软件有限公司© 版权所有